000 00354nam a2200133Ia 4500
008 230818s1997 xx 000 0 und d
041 _aeng
100 _aJones / Newton
245 _aHospitality & Catering
260 _bCassell – Wellington House pub.
_c1997
300 _a357p
520 _aHard Board | Reference Copy
999 _c854214
_d854214
650 _aFood Safety